Prachin Bharat Ka Itihas (Record no. 40607)
[ view plain ]
| 000 -LEADER | |
|---|---|
| fixed length control field | 00441nam a22001577a 4500 |
| 008 - FIXED-LENGTH DATA ELEMENTS--GENERAL INFORMATION | |
| fixed length control field | 200514b ||||| |||| 00| 0 eng d |
| 020 ## - INTERNATIONAL STANDARD BOOK NUMBER | |
| International Standard Book Number | 9788175550711 |
| 082 ## - DEWEY DECIMAL CLASSIFICATION NUMBER | |
| Classification number | 954.01 |
| Item number | JAP |
| 041 ## - LANGUAGE CODE | |
| Language code of text/sound track or separate title | hin |
| 100 ## - MAIN ENTRY--PERSONAL NAME | |
| Personal name | Jain K.C |
| 245 ## - TITLE STATEMENT | |
| Title | Prachin Bharat Ka Itihas |
| Remainder of title | : Prarambh se 320 AD tak |
| Statement of responsibility, etc. | By Kailashchand Jain |
| 260 ## - PUBLICATION, DISTRIBUTION, ETC. | |
| Place of publication, distribution, etc. | New Delhi |
| Name of publisher, distributor, etc. | University Publication |
| Date of publication, distribution, etc. | 2019 |
| 300 ## - PHYSICAL DESCRIPTION | |
| Extent | v, 310p. |
| 650 ## - SUBJECT ADDED ENTRY--TOPICAL TERM | |
| Topical term or geographic name entry element | HISTORY |
| Topical term following geographic name entry element | Indian History |
| 942 ## - ADDED ENTRY ELEMENTS (KOHA) | |
| Koha item type | Books |
| Withdrawn status | Lost status | Source of classification or shelving scheme | Damaged status | Not for loan | Home library | Current library | Date acquired | Source of acquisition | Cost, normal purchase price | Total Checkouts | Full call number | Barcode | Date last seen | Date last checked out | Price effective from | Koha item type |
|---|---|---|---|---|---|---|---|---|---|---|---|---|---|---|---|---|
| Dewey Decimal Classification | Chaudhary Ranbir Singh University | Chaudhary Ranbir Singh University | 17.02.2020 | Indica Publishers & Distributors Pvt. Ltd. | 1650.00 | 5 | 954.01 JAP | 17905 | 14.02.2025 | 21.01.2025 | 14.05.2020 | Books | ||||
| Dewey Decimal Classification | Chaudhary Ranbir Singh University | Chaudhary Ranbir Singh University | 17.02.2020 | Indica Publishers & Distributors Pvt. Ltd. | 1650.00 | 9 | 954.01 JAP | 17906 | 17.02.2025 | 13.02.2025 | 14.05.2020 | Books | ||||
| Dewey Decimal Classification | Chaudhary Ranbir Singh University | Chaudhary Ranbir Singh University | 17.02.2020 | Indica Publishers & Distributors Pvt. Ltd. | 1650.00 | 6 | 954.01 JAP | 17907 | 19.02.2025 | 13.02.2025 | 14.05.2020 | Books | ||||
| Dewey Decimal Classification | Chaudhary Ranbir Singh University | Chaudhary Ranbir Singh University | 22.02.2022 | Indica Publishers & Distributors, New Delhi | 1650.00 | 4 | 954.01 JAP | 26162 | 26.11.2025 | 27.10.2025 | 17.06.2022 | Books |
